Historica's women : (Record no. 22105)
[ view plain ]
| 000 -LEADER | |
|---|---|
| fixed length control field | 00638nam a2200205 a 4500 |
| 003 - CONTROL NUMBER IDENTIFIER | |
| control field | PILC |
| 005 - DATE AND TIME OF LATEST TRANSACTION | |
| control field | 20160219123218.0 |
| 008 - FIXED-LENGTH DATA ELEMENTS--GENERAL INFORMATION | |
| fixed length control field | 130408s19uu xx 00 eng d |
| 020 ## - INTERNATIONAL STANDARD BOOK NUMBER | |
| International Standard Book Number | 9781921209697 |
| 050 ## - LIBRARY OF CONGRESS CALL NUMBER | |
| Classification number | CT 3202 |
| Item number | .H673 2009 |
| 100 ## - MAIN ENTRY--PERSONAL NAME | |
| Personal name | Aaslestad, Katherine. |
| 245 ## - TITLE STATEMENT | |
| Title | Historica's women : |
| Remainder of title | 1000 years of women in history / |
| Statement of responsibility, etc | chief consultant Katherine Aaslestad. |
| 260 ## - PUBLICATION, DISTRIBUTION, ETC. (IMPRINT) | |
| Place of publication, distribution, etc | Elanora Heights, NSW : |
| Name of publisher, distributor, etc | Millennium Books, |
| Date of publication, distribution, etc | 2007. |
| 300 ## - PHYSICAL DESCRIPTION | |
| Extent | 524 pages : |
| Other physical details | color illustrations ; |
| Dimensions | 27 cm. |
| 500 ## - GENERAL NOTE | |
| General note | Includes index. |
| 650 ## - SUBJECT ADDED ENTRY--TOPICAL TERM | |
| Topical term or geographic name as entry element | Women |
| General subdivision | History. |
| 650 ## - SUBJECT ADDED ENTRY--TOPICAL TERM | |
| Topical term or geographic name as entry element | World history. |
| 942 ## - ADDED ENTRY ELEMENTS (KOHA) | |
| Koha item type | Books |
| Source of classification or shelving scheme | Library of Congress Classification |
| Call number prefix | Foreign |
| Withdrawn status | Lost status | Source of classification or shelving scheme | Damaged status | Home library | Current library | Shelving location | Date acquired | Source of acquisition | Cost, normal purchase price | Total Checkouts | Full call number | Barcode | Date last seen | Copy number | Price effective from | Koha item type |
|---|---|---|---|---|---|---|---|---|---|---|---|---|---|---|---|---|
| Library of Congress Classification | College Library | College Library | General Circulation Section | 03/26/2013 | Library Fund | 1395.00 | CT 3202 .H673 2009 | C15673 | 05/15/2018 | 1 | 10/10/2013 | Books |